000 01259nam a22003617a 4500
003 CHAP
005 20220329140441.0
008 971013s1977 r 00010 d
010 _a52151
011 _a53123
035 _a57273
040 _cCHAP
082 _a595.7
_bW55
100 0 0 _aWitson, Curtis Mark.
_9122376
245 _aFundamentals of applied entomolgy
260 _aProspect heights, Illinois :
_bWaveland Press,
_c1977
300 _a166 p.
_b: ilus. ; gráfs.
490 _aPractical insect pest management
_v; 1
590 _aBATCH-UPD
_b10
_c20130110
_lUCH01
_h0354
590 _aBATCH-UPD
_b10
_c20130110
_lUCH01
_h2105
590 _aBATCH-UPD
_b10
_c20130410
_lUCH01
_h0027
590 _aBATCH-UPD
_b10
_c20130914
_lUCH01
_h1314
590 _aCONVERSION
_b10
_c20130109
_lUCH01
_h1328
650 1 4 _aEntomología.
_937113
700 0 _aBroersma, Delmar B.
_915499
700 0 _aProvonsha, Arwin V.
_992482
830 0 _aPractical insect pest management
_v; 1
_991224
901 _aBK
942 _cLIBRO
949 _a595.7 W55
_bBC
_cLIBRO
_d33724000366100
_eLIBRO
_fc.2
_h59745
_i57273
_si
949 _a595.7 W55
_bBC
_cLIBRO
_d33724000366118
_eLIBRO
_h59744
_i57273
_si
949 _a595.7 W55
_bBC
_cLIBRO
_d33724000366126
_eLIBRO
_fc.3
_h59746
_i57273
_si
999 _c52151
_d52151